U.S. State/Territory Abbreviations - Statistics

General Stats
  • This quiz has been taken 55 times
  • The average score is 33 of 59
Answer Stats
Hint Answer % Correct
American Samoa AS
100%
Alaska AK
96%
Alabama AL
96%
Arkansas AR
96%
Arizona AZ
96%
California CA
96%
Colorado CO
96%
Connecticut CT
96%
Delaware DE
96%
Florida FL
96%
Georgia GA
96%
Guam GU
96%
Hawaii HI
96%
Idaho ID
96%
Illinois IL
96%
Indiana IN
96%
Iowa IA
92%
Kansas KS
88%
Kentucky KY
88%
Federated States of Micronesia FM
80%
Louisiana LA
76%
Maine ME
76%
Massachusetts MA
60%
Maryland MD
60%
Michigan MI
60%
Minnesota MN
60%
Missouri MO
60%
Mississippi MS
60%
Montana MT
60%
Nebraska NE
56%
New Hampshire NH
56%
New Jersey NJ
56%
Nevada NV
56%
New Mexico NM
52%
North Carolina NC
48%
North Dakota ND
48%
New York NY
48%
Ohio OH
44%
Oklahoma OK
44%
Oregon OR
44%
Pennsylvania PA
40%
Marshall Islands MH
36%
Puerto Rico PR
28%
Rhode Island RI
24%
South Carolina SC
20%
South Dakota SD
20%
Tennessee TN
20%
Texas TX
20%
Virgin Islands (U.S.) VI
16%
Palau PW
12%
U.S. Minor Outlying Islands UM
12%
Utah UT
12%
Virginia VA
12%
Vermont VT
12%
Northern Mariana Islands MP
8%
Washington WA
8%
Wisconsin WI
8%
West Virginia WV
8%
Wyoming WY
8%
No matching quizzes found
Score Distribution
Percent of People with Each Score
Percentile by Number Answered
Your Score History
You have not taken this quiz